000
00325nam a22001457a 4500
008
210517b ||||| |||| 00| 0 eng d
020
_a
9780823077557
041
_a
eng
080
_a
781
082
_a
781
100
_a
45
101
_a
MUZ
245
_a
This Business of Music
_c
M. William Krasilovsky
942
_2
udc
_c
BK
999
_c
57369
_d
57369